Ocean waste disposal practices / (Record no. 9458)
[ view plain ]
| 000 -LEADER | |
|---|---|
| fixed length control field | 00739nac a22002171u 4500 |
| 010 ## - LIBRARY OF CONGRESS CONTROL NUMBER | |
| LC control number | 75015205 |
| 020 ## - INTERNATIONAL STANDARD BOOK NUMBER | |
| International Standard Book Number | 0815505914 : |
| 082 00 - DEWEY DECIMAL CLASSIFICATION NUMBER | |
| Classification number | 363.6 |
| Item number | REE |
| 090 ## - LOCALLY ASSIGNED LC-TYPE CALL NUMBER (OCLC); LOCAL CALL NUMBER (OCLC) | |
| -- | 9458 |
| -- | 9458 |
| 100 ## - MAIN ENTRY--PERSONAL NAME | |
| Personal name | Reed, Alexander W. |
| 245 10 - TITLE STATEMENT | |
| Title | Ocean waste disposal practices / |
| Statement of responsibility, etc | Alexander W. Reed. |
| 260 ## - PUBLICATION, DISTRIBUTION, ETC. (IMPRINT) | |
| Place of publication, distribution, etc | Park Ridge, N.J. : |
| Name of publisher, distributor, etc | Noyes Data Corp.,1975. |
| Date of publication, distribution, etc | c1975. |
| 300 ## - PHYSICAL DESCRIPTION | |
| Extent | ix, 336 p. : |
| Other physical details | ill. maps ; |
| Dimensions | 25 cm. |
| 440 #0 - | |
| -- | Pollution technology review |
| -- | 23; |
| 440 #0 - | |
| -- | Ocean technology review |
| -- | 4; |
| 500 ## - GENERAL NOTE | |
| General note | Distributer: Al-Ahram |
| 504 ## - BIBLIOGRAPHY, ETC. NOTE | |
| Bibliography, etc | Includes bibliographical references. |
| 511 ## - PARTICIPANT OR PERFORMER NOTE | |
| Participant or performer note | Catalogued by: Sara |
| 650 #0 - SUBJECT ADDED ENTRY--TOPICAL TERM | |
| Topical term or geographic name as entry element | Waste disposal in the ocean |
| Geographic subdivision | United States. |
| 942 ## - ADDED ENTRY ELEMENTS (KOHA) | |
| Item type | Book - Borrowing |
| Call number prefix | 363.6REE |
| Withdrawn status | Item status | Damaged status | Not for loan | Home library | Current library | Shelving location | Date acquired | Source of acquisition | Total Checkouts | Full call number | Barcode | Date last seen | Koha item type |
|---|---|---|---|---|---|---|---|---|---|---|---|---|---|
| Central Library | Central Library | First floor | 08/05/2013 | Purchase | 363.6REE | 000011489 | 15/07/2025 | Book - Borrowing |